000 00360nam a2200157Ia 4500
003 Ost
005 20260225132539.0
008 260225s9999||||xx |||||||||||||| ||und||
040 _cfsic
041 _afre
082 _a303.6
100 _aRené naba
_eAuteur
245 0 _aGuerre des ondes ,guerre des religions /
245 0 _cRené naba
942 _cكتاب
999 _c33404
_d33404